| 000 | 00475cam a2200193ua 4500 | ||
|---|---|---|---|
| 020 | _c0.60 | ||
| 041 |
_aeng _h |
||
| 082 |
_a338.634 _bKHA |
||
| 100 | _aPublication division, Delhi . | ||
| 245 |
_aKhadi industry / _cDelhi publication division. _hTextual Documents |
||
| 250 |
_a1 / _b. |
||
| 260 |
_aDelhi : _bPublication division , _c1962. |
||
| 300 | _a39 ; . | ||
| 365 | _a0.60 | ||
| 504 | _a | ||
| 942 | _cBK | ||
| 999 |
_c2091 _d2091 |
||